000 00782nam a22002177a 4500
005 20100417113033.0
008 100518t xxu||||| |||| 00| 0 eng d
010 _aENG-96099
020 _a9788120339507
_c495.00
035 _aEN-79632
037 _bDBAD/PUB
040 _aDPL
100 _aBanerjee, Birendra Krishna
245 _aFinancial accounting :
_cby Birendra Krishna Banerjee
_bconcepts, analyses, methods and uses /
260 _aNew Delhi
_bPHI Learning
_c2010
270 _aM-97,Connaught Circus
_bNew Delhi
_e110001
300 _axv , 1242p.;
_c22cm. (Pbk)
500 _aIncludes index
942 _2ddc
_cEN
_mBAN
999 _c36194
_d36194